000
00333nam a2200145Ia 4500
008
150201s2010 xx 000 0 und d
082
_a
616.01
_b
M10K
100
_a
KHAN , JOHRA
245
_a
MICROBIOLOGY
250
_a
1ST
260
_b
VIKAS PUBLICATION
_a
GGN
_c
2010
300
_a
1-152
650
_a
MICROBIOLOGY
942
_2
ddc
_c
BK
999
_c
1372
_d
1372